<?xml version="1.0" encoding="UTF-8"?>
<collection xmlns="http://www.loc.gov/MARC21/slim">
    <record>
        <controlfield tag="001">11228</controlfield>
        <controlfield tag="005">20150325140215.0</controlfield>
        <datafield tag="037" ind1=" " ind2=" ">
            <subfield code="a">TAZ-TFG-2013-525</subfield>
        </datafield>
        <datafield tag="041" ind1=" " ind2=" ">
            <subfield code="a">spa</subfield>
        </datafield>
        <datafield tag="100" ind1="1" ind2=" ">
            <subfield code="a">Bordetas Gascón, Andrea</subfield>
        </datafield>
        <datafield tag="245" ind1="0" ind2="0">
            <subfield code="a">Fritura con sistemas automáticos de control de temperatura para obtener alimentos con alto valor nutritivo</subfield>
        </datafield>
        <datafield tag="260" ind1=" " ind2=" ">
            <subfield code="a">Zaragoza</subfield>
            <subfield code="b">Universidad de Zaragoza</subfield>
            <subfield code="c">2013</subfield>
        </datafield>
        <datafield tag="506" ind1=" " ind2=" ">
            <subfield code="a">by-nc-sa</subfield>
            <subfield code="b">Creative Commons</subfield>
            <subfield code="c">3.0</subfield>
            <subfield code="u">http://creativecommons.org/licenses/by-nc-sa/3.0/</subfield>
        </datafield>
        <datafield tag="500" ind1=" " ind2=" ">
            <subfield code="a">Resumen y Conclusión disponibles también en inglés</subfield>
        </datafield>
        <datafield tag="520" ind1=" " ind2=" ">
            <subfield code="a">Recientemente se han incorporado al mercado placas de inducción dotadas de un nuevo sistema de control de temperatura, que permiten mantener la temperatura del aceite durante la fritura en superficie en el punto de consigna con una desviación de ±2 ºC. El objetivo de este estudio fue analizar la influencia de este nuevo sistema de control en algunas características físico-químicas y nutricionales de patatas fritas de la variedad “Monalisa” cortadas en bastones. Además se evaluó el efecto de la temperatura inicial de la fritura (160-200 ºC), del tipo de aceite (aceite de oliva, girasol y girasol alto oleico) y del número de frituras realizadas con un mismo aceite (hasta tres tandas) en los siguientes parámetros: pérdida de peso, contenido graso, humedad, vitamina E, color y textura. Si se comparan muestras fritas con la misma temperatura inicial del aceite, el contenido en grasa de las patatas utilizando el control de temperatura es menor que cuando se fríen sin que dicho control esté activado, llegando la reducción en la captación de aceite a ser del 20-30 %. El color es un parámetro muy sensible a la temperatura del aceite; al freír controlando la temperatura las patatas presentan una coordenada a* más baja y una L* más alta, desarrollando menos tonos marronáceos propios de algunos productos de la reacción de Maillard. El análisis de vitamina E pone de manifiesto la diferencia entre aceites; para una misma temperatura el aceite de oliva pierde aproximadamente un 40 % de tocoferol frente al 15 % de los aceites de girasol.</subfield>
        </datafield>
        <datafield tag="521" ind1=" " ind2=" ">
            <subfield code="a">Graduado en Ciencia y Tecnología de los Alimentos</subfield>
        </datafield>
        <datafield tag="540" ind1=" " ind2=" ">
            <subfield code="a">Derechos regulados por licencia Creative Commons</subfield>
        </datafield>
        <datafield tag="653" ind1="1" ind2=" ">
            <subfield code="a">patatas</subfield>
        </datafield>
        <datafield tag="653" ind1="1" ind2=" ">
            <subfield code="a">vitamina e</subfield>
        </datafield>
        <datafield tag="653" ind1="1" ind2=" ">
            <subfield code="a">fritura</subfield>
        </datafield>
        <datafield tag="653" ind1="1" ind2=" ">
            <subfield code="a">placas de inducción</subfield>
        </datafield>
        <datafield tag="653" ind1="1" ind2=" ">
            <subfield code="a">tocoferol</subfield>
        </datafield>
        <datafield tag="653" ind1="1" ind2=" ">
            <subfield code="a">aceite de girasol</subfield>
        </datafield>
        <datafield tag="653" ind1="1" ind2=" ">
            <subfield code="a">aceite de oliva virgen</subfield>
        </datafield>
        <datafield tag="700" ind1=" " ind2=" ">
            <subfield code="a">Salvador Solano, María Luisa</subfield>
            <subfield code="e">dir.</subfield>
        </datafield>
        <datafield tag="710" ind1="2" ind2=" ">
            <subfield code="a">Universidad de Zaragoza</subfield>
            <subfield code="b">Producción Animal y Ciencia de los Alimentos</subfield>
            <subfield code="c">Tecnología de Alimentos</subfield>
        </datafield>
        <datafield tag="856" ind1="0" ind2=" ">
            <subfield code="f">575500@celes.unizar.es</subfield>
        </datafield>
        <datafield tag="856" ind1="4" ind2=" ">
            <subfield code="s">829217</subfield>
            <subfield code="u">http://zaguan.unizar.es/record/11228/files/TAZ-TFG-2013-525.pdf</subfield>
            <subfield code="y">Memoria (spa)</subfield>
        </datafield>
        <datafield tag="909" ind1="C" ind2="O">
            <subfield code="o">oai:zaguan.unizar.es:11228</subfield>
            <subfield code="p">driver</subfield>
            <subfield code="p">trabajos-fin-grado</subfield>
        </datafield>
        <datafield tag="950" ind1=" " ind2=" ">
            <subfield code="a"></subfield>
        </datafield>
        <datafield tag="980" ind1=" " ind2=" ">
            <subfield code="a">TAZ</subfield>
            <subfield code="b">TFG</subfield>
            <subfield code="c">VET</subfield>
        </datafield>
    </record>

    
</collection>